000
00263nam a2200097Ia 4500
001
915225
005
20250826185830.0
008
250824s9999 xx 000 0 und d
245
0
_a
PEYGAMBERİMİZİ GÜLDÜREN ŞAKALAR
_c
MUSA MERT
260
_b
KIRMIZI KEDİ YAYINLARI
999
_c
915225
_d
915225